Chile : luchando por nuevas formas de vida: tomo segundo /

En 1889 el gobierno chileno contrató a los alemanes, Wilhelm Mann y Heinrich Schneider, para hacerse cargo de los ramos de filosofía de debían ser dictados en el Instituto Pedagógico. Mann fue, junto con docente de ese plantel, rector de Liceo de Aplicación. Fue uno de los precursores en el desarrol...

Full description

Bibliographic Details
Main Author: Mann, Wilhelm 1874-1948
Other Authors: Sagredo Baeza, Rafael 1959- (ed.)
Format: Libro
Language:Spanish
Published: Santiago de Chile Cámara Chilena de la Construcción Pontificia Universidad Católica de Chile Dirección de Bibliotecas Archivos y Museos c2011
Series:Biblioteca fundamentos de la construcción de Chile 86
Subjects:
Online Access:

MARC

LEADER 00000cam a2200000 a 4500
001 007560
003 UAHC_CL
005 20170803120351.0
008 140905s2011 cl 000 spa
020 |a 9789568306618 
040 |a UAHC_CL  |c UAHC_CL  |d UAHC_CL 
082 0 4 |a 320.983  |b M281  |2 21 
100 1 |a Mann, Wilhelm  |d 1874-1948 
245 1 0 |a Chile :  |b luchando por nuevas formas de vida: tomo segundo /  |c Wilhelm Mann ; editor general, Rafael Sagredo Baeza. 
260 |a Santiago de Chile  |b Cámara Chilena de la Construcción  |b Pontificia Universidad Católica de Chile  |b Dirección de Bibliotecas Archivos y Museos  |c c2011 
300 |a 240 p. 
490 0 |a Biblioteca fundamentos de la construcción de Chile  |v 86 
504 |a Incluye bibliografías 
520 |a En 1889 el gobierno chileno contrató a los alemanes, Wilhelm Mann y Heinrich Schneider, para hacerse cargo de los ramos de filosofía de debían ser dictados en el Instituto Pedagógico. Mann fue, junto con docente de ese plantel, rector de Liceo de Aplicación. Fue uno de los precursores en el desarrollo de la filosofía en Chile. Luego de desarrollar una carrera académica en la Universidad de Chile, se hizo conocido por la publicación de una extensa obra, en dos volúmenes, que tituló Chile: luchando por nuevas formas de vida (1935 y 1936).\Se trata de un completo estudio de la política, la economía, la sociedad, la cultura y la geografía chilena. Es la más completa radiografía del país, en la década de 1930. 
651 4 |a CHILE  |x POLITICA Y GOBIERNO 
651 4 |a CHILE  |x VIDA INTELECTUAL 
651 4 |a CHILE  |x CONDICIONES SOCIALES 
653 |a LICENCIATURA EN HISTORIA 
700 1 |a Sagredo Baeza, Rafael  |d 1959-  |e ed. 
900 |a 320.983 MAN v.2 
942 |c BK 
952 |0 0  |1 0  |4 0  |6 320_983000000000000_MAN  |7 0  |8 General  |9 16400  |a BC  |b BC  |c General  |d 2017-08-03  |l 0  |o 320.983 MAN  |p 1388888  |r 2026-01-07 00:00:00  |t 1  |w 2017-08-03  |y BK 
999 |c 7560  |d 7560